NBA Best Teams Starters 2020s - Statistics

General Stats
  • This quiz has been taken 4,844 times
    1,844 since last reset
  • The average score is 113 of 150
Answer Stats
Team Position Player % Correct
Thunder 2024-25 PG Shai Gilgeous-Alexander
100%
Thunder 2024-25 SF Jalen Williams
98%
Celtics 2023-24 SF Jaylen Brown
98%
Celtics 2023-24 PF Jayson Tatum
98%
Lakers 2019-20 PG LeBron James
98%
Nuggets 2022-23 C Nikola Jokić
98%
Warriors 2021-22 PF Draymond Green
97%
Bucks 2020-21 PF Giannis Antetokounmpo
97%
Nuggets 2022-23 PG Jamal Murray
97%
Mavericks 2023-24 PG Luka Dončić
97%
Warriors 2021-22 PG Stephen Curry
97%
Lakers 2019-20 PF Anthony Davis
96%
Lakers 2019-20 SF Danny Green
96%
Sixers 2020-21 SF Danny Green
96%
Spurs 2020-21 PG Dejounte Murray
96%
Nets 2020-21 SG James Harden
96%
Rockets 2019-20 SG James Harden
96%
Knicks 2024-25 C Karl-Anthony Towns
96%
Timberwolves 2023-24 PF Karl-Anthony Towns
96%
Kings 2022-23 PF Keegan Murray
96%
Warriors 2021-22 SG Klay Thompson
96%
Sixers 2020-21 SG Seth Curry
96%
Thunder 2024-25 PF Chet Holmgren
95%
Celtics 2023-24 SG Derrick White
95%
Suns 2020-21 SG Devin Booker
95%
Jazz 2020-21 SG Donovan Mitchell
95%
Cavaliers 2024-25 SG Donovan Mitchell
95%
Knicks 2024-25 PG Jalen Brunson
95%
Bulls 2021-22 SF Javonte Green
95%
Bucks 2020-21 PG Jrue Holiday
95%
Celtics 2023-24 PG Jrue Holiday
95%
Clippers 2020-21 SF Kawhi Leonard
95%
Mavericks 2023-24 SG Kyrie Irving
95%
Nets 2020-21 PG Kyrie Irving
95%
Timberwolves 2023-24 SG Anthony Edwards
94%
Pistons 2024-25 SF Ausar Thompson
94%
Suns 2020-21 PG Chris Paul
94%
Knicks 2024-25 SG Josh Hart
94%
Jazz 2020-21 C Rudy Gobert
94%
Timberwolves 2023-24 C Rudy Gobert
94%
Hawks 2020-21 PG Trae Young
94%
Pacers 2024-25 PG Tyrese Haliburton
94%
Grizzlies 2021-22 PG Ja Morant
93%
Heat 2019-20 SF Jimmy Butler
93%
Nuggets 2022-23 PF Aaron Gordon
92%
Pistons 2024-25 C Jalen Duren
92%
Hornets 2021-22 PG LaMelo Ball
92%
Raptors 2019-20 PF Pascal Siakam
92%
Pacers 2024-25 PF Pascal Siakam
92%
Bucks 2020-21 C Brook Lopez
91%
Trail Blazers 2020-21 PG Damian Lillard
91%
Heat 2019-20 C Bam Adebayo
90%
Cavaliers 2024-25 PG Darius Garland
90%
Sixers 2020-21 C Joel Embiid
90%
Bucks 2020-21 SF Khris Middleton
90%
Celtics 2023-24 C Al Horford
89%
Kings 2022-23 PG De'Aaron Fox
89%
Cavaliers 2024-25 PF Evan Mobley
89%
Thunder 2024-25 C Isaiah Hartenstein
89%
Grizzlies 2021-22 PF Jaren Jackson Jr.
89%
Cavaliers 2024-25 C Jarrett Allen
89%
Thunder 2024-25 SG Luguentz Dort
89%
Nuggets 2022-23 SF Michael Porter Jr.
89%
Magic 2023-24 PF Paolo Banchero
89%
Pistons 2024-25 PG Cade Cunningham
87%
Kings 2022-23 C Domantas Sabonis
87%
Suns 2020-21 SF Mikal Bridges
87%
Knicks 2024-25 SF Mikal Bridges
87%
Hornets 2021-22 PF Miles Bridges
87%
Pelicans 2023-24 PF Zion Williamson
87%
Raptors 2019-20 PG Kyle Lowry
86%
Pacers 2024-25 C Myles Turner
86%
Clippers 2020-21 SG Paul George
86%
Suns 2020-21 C Deandre Ayton
85%
Nets 2020-21 PF Kevin Durant
85%
Jazz 2020-21 PG Mike Conley
85%
Timberwolves 2023-24 PG Mike Conley
85%
Warriors 2021-22 SF Andrew Wiggins
84%
Bulls 2021-22 PF DeMar DeRozan
84%
Spurs 2020-21 PF DeMar DeRozan
84%
Rockets 2019-20 PG Russell Westbrook
84%
Wizards 2020-21 PG Russell Westbrook
84%
Wizards 2020-21 SG Bradley Beal
82%
Magic 2023-24 SF Franz Wagner
82%
Lakers 2019-20 SG Kentavious Caldwell-Pope
82%
Nuggets 2022-23 SG Kentavious Caldwell-Pope
82%
Heat 2019-20 PF Meyers Leonard
82%
Hawks 2020-21 C Clint Capela
81%
Rockets 2019-20 C Clint Capela
81%
Bulls 2021-22 SG Zach LaVine
80%
Grizzlies 2021-22 SG Desmond Bane
79%
Trail Blazers 2020-21 SG CJ McCollum
78%
Pelicans 2023-24 PG CJ McCollum
78%
Raptors 2019-20 SF OG Anunoby
77%
Knicks 2024-25 PF OG Anunoby
77%
Clippers 2020-21 PG Reggie Jackson
76%
Warriors 2021-22 C Kevon Looney
75%
Pacers 2024-25 SG Andrew Nembhard
73%
Mavericks 2023-24 C Daniel Gafford
72%
Nets 2020-21 SF Joe Harris
72%
Raptors 2019-20 C Marc Gasol
72%
Sixers 2020-21 PG Ben Simmons
71%
Magic 2023-24 SG Gary Harris
71%
Timberwolves 2023-24 SF Jaden McDaniels
71%
Bulls 2021-22 C Nikola Vučević
71%
Sixers 2020-21 PF Tobias Harris
71%
Pistons 2024-25 PF Tobias Harris
71%
Magic 2023-24 PG Jalen Suggs
68%
Mavericks 2023-24 PF P.J. Washington
68%
Pacers 2024-25 SF Aaron Nesmith
65%
Pelicans 2023-24 SF Brandon Ingram
65%
Spurs 2020-21 SF Keldon Johnson
65%
Cavaliers 2024-25 SF Max Strus
64%
Magic 2023-24 C Wendell Carter Jr.
61%
Mavericks 2023-24 SF Derrick Jones Jr.
60%
Pelicans 2023-24 SG Herbert Jones
60%
Rockets 2019-20 PF P.J. Tucker
60%
Grizzlies 2021-22 C Steven Adams
60%
Raptors 2019-20 SG Fred VanVleet
59%
Pelicans 2023-24 C Jonas Valančiūnas
56%
Trail Blazers 2020-21 C Jusuf Nurkić
56%
Heat 2019-20 SG Duncan Robinson
55%
Lakers 2019-20 C JaVale McGee
55%
Grizzlies 2021-22 SF Dillon Brooks
54%
Hawks 2020-21 PF John Collins
52%
Kings 2022-23 SF Harrison Barnes
46%
Hawks 2020-21 SF Kevin Huerter
45%
Kings 2022-23 SG Kevin Huerter
45%
Hawks 2020-21 SG Bogdan Bogdanović
43%
Jazz 2020-21 PF Bojan Bogdanović
43%
Nets 2020-21 C DeAndre Jordan
43%
Suns 2020-21 PF Jae Crowder
41%
Pistons 2024-25 SG Tim Hardaway Jr.
40%
Trail Blazers 2020-21 SF Norman Powell
37%
Spurs 2020-21 C Jakob Poeltl
36%
Hornets 2021-22 SG Terry Rozier
35%
Hornets 2021-22 SF Gordon Hayward
30%
Bucks 2020-21 SG Donte DiVincenzo
29%
Hornets 2021-22 C Mason Plumlee
28%
Spurs 2020-21 SG Lonnie Walker
27%
Clippers 2020-21 PF Marcus Morris
25%
Clippers 2020-21 C Nicolas Batum
25%
Wizards 2020-21 PF Rui Hachimura
23%
Wizards 2020-21 SF Deni Avdija
19%
Jazz 2020-21 SF Royce O'Neale
19%
Heat 2019-20 PG Kendrick Nunn
17%
Bulls 2021-22 PG Ayo Dosunmu
16%
Trail Blazers 2020-21 PF Robert Covington
16%
Rockets 2019-20 SF Danuel House
9%
Wizards 2020-21 C Alex Len
7%
No matching quizzes found
Score Distribution
Percent of People with Each Score
Percentile by Number Answered
Your Score History
You have not taken this quiz since the last reset